| 000 | 00343cam a22001337a 4500 | ||
|---|---|---|---|
| 008 | 180718b1958 xxu||||| |||| 00| 0 eng d | ||
| 082 | _aA72x5 B589 | ||
| 100 | _aMikes, George | ||
| 245 |
_aEast is east _cby George Mikes |
||
| 260 |
_aLondon _bAndre Deutsch _c1958 |
||
| 300 | _a190p. | ||
| 500 | _a10/- | ||
| 650 | _aAsia - Description & travel | ||
| 999 |
_c373864 _d373864 |
||